000 00422 a2200145 4500
001 154796
040 _cEscola São Tomás de Aquino
100 _aDIMENSTEIN, Gilberto
240 1 0 _aDez lições de sociologia para um Brasil cidadão
_lpor
245 1 0 _aDez lições de sociologia para um Brasil cidadão
300 _a328
362 0 _a2012
697 _aCiências sociais, sociologia e antropologia
942 _cBK
999 _c154796
_d154796